000 00441nam a2200157Ia 4500
008 151213s9999 xx 000 0 und d
100 _aSamuel H. Maron / Pratter
245 _aPrinciple of Physical Chemistry
_cSamuel H. Maron / Pratter
250 _a4th
260 _aNew Delhi
_bOxford and IBH Publications
_c1965
300 _a8622 p.
650 _aChemistry
650 _ascience
700 _aSamuel H. Maron / Pratter
999 _c4412
_d4412